All English Premier League Players - Statistics

General Stats
  • This quiz has been taken 81 times
  • The average score is 71 of 155
Answer Stats
Club Pos Former Club Answer % Correct
Arsenal MID West Ham Declan Rice
95%
Arsenal ATT Youth Bukayo Saka
92%
Arsenal DEF Brighton Ben White
91%
Nottingham MID Wolves Morgan Gibbs-White
91%
Man City DEF Everton John Stones
83%
Everton GK Sunderland Jordan Pickford
83%
Man City ATT Aston Villa Jack Grealish
82%
Man City DEF Spurs Kyle Walker
82%
Aston Villa ATT Brentford Ollie Watkins
82%
Arsenal ATT Chelsea Raheem Sterling
82%
Liverpool MID Youth Curtis Jones
80%
Chelsea MID Man City Cole Palmer
78%
Newcastle DEF Atletico Madrid Kieran Trippier
78%
Southampton GK Arsenal Aaron Ramsdale
77%
Crystal Palace GK Man United Dean Henderson
77%
Newcastle GK Burnley Nick Pope
77%
Man City ATT Youth Phil Foden
77%
Leicester City ATT Fleetwood Town Jamie Vardy
75%
Man United ATT Youth Marcus Rashford
75%
Man City DEF Youth Rico Lewis
75%
Man United DEF Leicester City Harry Maguire
74%
Liverpool DEF Youth Trent Alexander-Arnold
72%
Crystal Palace ATT Arsenal Eddie Nketiah
71%
Liverpool DEF Charlton Joe Gomez
71%
Spurs MID Leicester City James Maddison
69%
Man United DEF Southampton Luke Shaw
69%
Bournemouth DEF Spurs Adam Smith
68%
Spurs ATT Bournemouth Dominic Solanke
68%
Aston Villa DEF Brentford Ezri Konsa
68%
Man United MID Youth Kobbie Mainoo
68%
Man United MID Chelsea Mason Mount
68%
Chelsea DEF Youth Reece James
68%
Crystal Palace MID QPR Eberechi Eze
66%
Aston Villa DEF Bournemouth Tyrone Mings
66%
Newcastle ATT Everton Anthony Gordon
65%
Liverpool MID Fulham Harvey Elliott
65%
Brighton MID Liverpool James Milner
65%
Brighton DEF Youth Lewis Dunk
65%
Chelsea ATT PSV Noni Madueke
63%
Newcastle ATT Bournemouth Callum Wilson
62%
Brighton ATT Watford Danny Welbeck
62%
Everton ATT Sheffield United Dominic Calvert-Lewin
62%
Fulham ATT Arsenal Emile Smith Rowe
62%
Spurs GK Southampton Fraser Forster
62%
Chelsea MID Leicester City Kiernan Dewsbury-Hall
62%
Crystal Palace DEF Chelsea Marc Guehi
62%
Newcastle DEF Brighton Dan Burn
60%
Chelsea ATT Man United Jadon Sancho
60%
Newcastle ATT Leicester City Harvey Barnes
57%
Ipswich Town MID Man City Kalvin Phillips
57%
Newcastle DEF Chelsea Lewis Hall
57%
Newcastle MID Arsenal Joe Willock
55%
Man City GK Derby Scott Carson
55%
Chelsea DEF Leicester City Ben Chilwell
54%
West Ham ATT Hull City Jarrod Bowen
54%
Newcastle DEF Southampton Tino Livramento
54%
Liverpool DEF Youth Jarell Quansah
52%
Aston Villa MID Luton Town Ross Barkley
52%
Leicester City MID Spurs Harry Winks
51%
Everton DEF Burnley James Tarkowski
51%
Everton DEF Burnley Michael Keane
51%
Aston Villa ATT Middlesbrough Morgan Rogers
51%
Leicester City DEF Wolves Conor Coady
49%
Nottingham MID West Ham James Ward-Prowse
49%
Wolves GK Crystal Palace Sam Johnstone
49%
Newcastle MID Youth Sean Longstaff
49%
West Ham DEF Man United Aaron Wan-Bissaka
48%
Ipswich Town DEF West Ham Ben Johnson
48%
Southampton DEF Spurs Kyle Walker-Peters
48%
Chelsea DEF Youth Levi Colwill
48%
Ipswich Town ATT Man City Liam Delap
48%
Crystal Palace DEF Liverpool Nathaniel Clyne
48%
Nottingham ATT Chelsea Callum Hudson-Odoi
46%
Aston Villa MID Youth Jacob Ramsey
46%
West Ham DEF Wolves Max Kilman
46%
Leicester City MID Spurs Oliver Skipp
46%
Fulham ATT Arsenal Reiss Nelson
46%
Southampton MID Brighton Adam Lallana
45%
Everton DEF Aston Villa Ashley Young
45%
Everton ATT Burnley Dwight McNeil
45%
Crystal Palace DEF Portsmouth Joel Ward
45%
Man United GK Aston Villa Tom Heaton
45%
Brentford DEF Burnley Ben Mee
43%
Everton DEF Carlisle United Jarrad Branthwaite
43%
Crystal Palace DEF Chelsea Trevoh Chalobah
43%
Spurs DEF Middlesbrough Djed Spence
42%
Crystal Palace DEF Arsenal Rob Holding
42%
Crystal Palace MID Watford Will Hughes
42%
Crystal Palace MID Blackburn Rovers Adam Wharton
40%
Newcastle DEF Nottingham Jamaal Lascelles
40%
Newcastle DEF Bournemouth Lloyd Kelly
40%
West Ham ATT Aston Villa Danny Ings
38%
Everton ATT Leeds Jack Harrison
38%
Newcastle ATT Norwich City Jacob Murphy
38%
Brighton GK Sunderland Jason Steele
38%
Wolves DEF West Ham Craig Dawson
37%
Ipswich Town DEF Leeds Leif Davis
37%
Bournemouth MID Leeds Lewis Cook
37%
Crystal Palace DEF Youth Tyrick Mitchell
37%
Newcastle MID Youth Lewis Miley
35%
Nottingham MID Newcastle Elliot Anderson
34%
Brentford ATT Hull City Keane Lewis-Potter
34%
Bournemouth DEF Norwich City Max Aarons
34%
Brighton MID Youth Solly March
34%
West Ham DEF Ipswich Town Aaron Cresswell
32%
Newcastle DEF Aston Villa Matt Targett
32%
Southampton DEF Swansea City Nathan Wood
32%
Leicester City ATT Montpellier Stephy Mavididi
32%
Chelsea DEF Fulham Tosin Adarabioyo
32%
Leicester City DEF Luton Town James Justin
31%
Ipswich Town ATT Chelsea Omari Hutchinson
31%
Brentford DEF Walsall Rico Henry
31%
Fulham DEF Spurs Ryan Sessegnon
31%
Southampton DEF Man City Taylor Harwood-Bellis
31%
Bournemouth MID Bristol City Alex Scott
29%
Chelsea MID Aston Villa Carney Chukwuemeka
29%
Southampton DEF Burnley Charlie Taylor
29%
Everton MID Man United James Garner
29%
Southampton ATT Blackburn Rovers Adam Armstrong
28%
West Ham GK Sheffield Utd Wes Foderingham
28%
Brighton DEF Bristol City Adam Webster
26%
Southampton ATT Aston Villa Cameron Archer
26%
Bournemouth MID Middlesbrough Marcus Tavernier
26%
Nottingham MID Youth Ryan Yates
26%
Southampton GK Crystal Palace Alex McCarthy
25%
Brighton MID Youth Jack Hinshelwood
25%
Aston Villa ATT Hull City Jaden Philogene
25%
Leicester City DEF Youth Luke Thomas
25%
Chelsea GK Fulham Marcus Bettinelli
25%
Spurs GK Youth Brandon Austin
23%
Ipswich Town DEF Arsenal Harry Clarke
23%
Nottingham DEF Huddersfield Harry Toffolo
23%
Ipswich Town ATT Sunderland Jack Clarke
23%
Aston Villa DEF Wolves Kortney Hause
23%
Southampton MID West Ham Flynn Downes
22%
Ipswich Town DEF Hull City Jacob Greaves
22%
Brentford MID Arsenal Josh Dasilva
20%
Wolves MID Man City Tommy Doyle
20%
Newcastle GK Birmingham John Ruddy
18%
Ipswich Town GK Brighton Christian Walton
17%
Fulham DEF Southampton Harrison Reed
17%
Newcastle GK Motherwell Mark Gillespie
17%
Everton MID Aston Villa Tim Iroegbunam
17%
Ipswich Town MID Barnsley Conor Chaplin
15%
Wolves GK Bristol City Daniel Bentley
15%
Southampton DEF Plymouth Jack Stephens
15%
Southampton GK Middlesbrough Joe Lumley
15%
Ipswich Town DEF West Brom Conor Townsend
12%
Ipswich Town ATT Leicester City George Hirst
12%
Ipswich Town DEF Youth Luke Woolfenden
12%
Southampton DEF Peterborough Ronnie Edwards
12%
Leicester City MID Youth Hamza Choudhury
11%
Southampton DEF Luton Town James Bree
6%
Leicester City MID Chelsea Michael Golding
6%
Southampton ATT Youth Samuel Amo-Ameyaw
3%
No matching quizzes found
Score Distribution
Percent of People with Each Score
Percentile by Number Answered
Your Score History
You have not taken this quiz